Porovnanie úrovne vysokých škôl vrámci SR pomocou metód viackriteriálneho vyhodnocovania variantov bakalárska práca

Salvato in:
Dettagli Bibliografici
Autore principale: Aust, Erik
Ente Autore: Fakulta hospodárskej informatiky EU. Katedra operačného výskumu a ekonometrie
Altri autori: König, Brian, 1983-
Natura: Libro
Lingua:slovacco
Pubblicazione: Bratislava 2012
Tags: Aggiungi Tag
Nessun Tag, puoi essere il primo ad aggiungerne!!

MARC

LEADER 00000nbm a2200000 4500
001 0156252
005 20161109111948.3
041 0 |a slo 
044 |a SK 
245 1 0 |a Porovnanie úrovne vysokých škôl vrámci SR pomocou metód viackriteriálneho vyhodnocovania variantov  |b bakalárska práca  |c Erik Aust ; školiteľ: Brian König 
264 1 |a Bratislava  |c 2012 
300 |a 44 s. 
100 1 |a Aust, Erik 
700 1 |a König, Brian, 1983- 
710 2 |a Fakulta hospodárskej informatiky EU. Katedra operačného výskumu a ekonometrie